Normal view MARC view
  • Sunley J

Entry Personal Name

Number of records used in: 1

001 - CONTROL NUMBER

  • control field: 215289

003 - CONTROL NUMBER IDENTIFIER

  • control field: OSt

005 - DATE AND TIME OF LATEST TRANSACTION

  • control field: 20251121151105.0

008 - FIXED-LENGTH DATA ELEMENTS

  • fixed length control field: 251121|| aca||aabn | a|a d

040 ## - CATALOGING SOURCE

  • Original cataloging agency: OSt
  • Transcribing agency: OSt

100 ## - HEADING--PERSONAL NAME

  • Personal name: Sunley J

670 ## - SOURCE DATA FOUND

  • Source citation: Work cat.: (OSt)94294: Sunley J, It's Never Ok to Kiss The Interviewer, 2017